| 000 | 00558nam a22001577a 4500 | ||
|---|---|---|---|
| 005 | 20231117124126.0 | ||
| 008 | 231117b |||||||| |||| 00| 0 eng d | ||
| 020 | _a9780409075342 | ||
| 082 | _a343.4 SIL | ||
| 100 |
_ade Koker, A and Williams, RC _lEnglish |
||
| 245 |
_aSilke on South African Income Tax Act 58 of 1962 2009/2010 : _bUpdated to include Acts 17 and 18 of 2009 / _cA de Koker and RC Williams |
||
| 260 |
_aDurban : _bLexisNexis. _c2010 |
||
| 300 | _c25 cm. | ||
| 650 |
_aLegal practice _bLaw |
||
| 942 |
_cBK _6ALISON_BN_VRIES |
||
| 999 |
_c768 _d768 |
||